|
|
|
|
| LEADER |
02011nam a2200445 a 4500 |
| 001 |
EBC1105684 |
| 003 |
MiAaPQ |
| 005 |
20200520144314.0 |
| 006 |
m o d | |
| 007 |
cr cn||||||||| |
| 008 |
120720s2013 njua sb 001 0 eng d |
| 010 |
|
|
|z 2012029614
|
| 020 |
|
|
|z 9781118175453 (cloth)
|
| 020 |
|
|
|a 9781118226520 (electronic bk.)
|
| 035 |
|
|
|a (MiAaPQ)EBC1105684
|
| 035 |
|
|
|a (Au-PeEL)EBL1105684
|
| 035 |
|
|
|a (CaPaEBR)ebr10641865
|
| 035 |
|
|
|a (CaONFJC)MIL424023
|
| 035 |
|
|
|a (OCoLC)823390329
|
| 040 |
|
|
|a MiAaPQ
|c MiAaPQ
|d MiAaPQ
|
| 050 |
|
4 |
|a HD61
|b .A43 2012
|
| 050 |
|
4 |
|a HG4521
|b .A45 2013
|
| 082 |
0 |
4 |
|a 658.15/5
|2 23
|
| 100 |
1 |
|
|a Allen, Steven,
|d 1945-
|
| 245 |
1 |
0 |
|a Financial risk management
|h [electronic resource] :
|b a practitioner's guide to managing market and credit risk /
|c Steven Allen.
|
| 250 |
|
|
|a 2nd ed.
|
| 260 |
|
|
|a Hoboken, N.J. :
|b Wiley,
|c 2013.
|
| 300 |
|
|
|a xxvii, 579 p. :
|b ill.
|
| 490 |
1 |
|
|a Wiley finance
|
| 500 |
|
|
|a "+ website"--Cover.
|
| 504 |
|
|
|a Includes bibliographical references and index.
|
| 504 |
|
|
|a Includes bibliographical references and index.
|
| 505 |
0 |
|
|a Foreword -- Preface -- Acknowledgments -- Introduction -- Institutional background -- Operational risk -- Financial disasters -- The systemic disaster of 2007-2008 -- Managing financial risk -- Var and stress testing -- Model risk -- Managing spot risk -- Managing forward risk -- Managing vanilla options risk -- Managing exotic options risk -- Credit risk -- Counterparty credit risk -- Bibliography -- About the companion website -- Index.
|
| 533 |
|
|
|a Electronic reproduction. Ann Arbor, MI : ProQuest, 2015. Available via World Wide Web. Access may be limited to ProQuest affiliated libraries.
|
| 650 |
|
0 |
|a Financial risk management.
|
| 650 |
|
0 |
|a Finance.
|
| 655 |
|
4 |
|a Electronic books.
|
| 710 |
2 |
|
|a ProQuest (Firm)
|
| 830 |
|
0 |
|a Wiley finance series.
|
| 856 |
4 |
0 |
|u https://ebookcentral.proquest.com/lib/matrademy/detail.action?docID=1105684
|z Click to View
|